Statistics for Neurobiologie

Click here to take the quiz!

General Stats

  • This quiz has been taken 47 times
  • The average score is 4 of 16

Answer Stats

HintAnswer% Correct
Zeit, wo die Na+-Kanäle inaktiv sind und kein neuen Aktionspotential enstehen kannRefraktärzeit
87%
Membranpotential wird positiverDepolarisation
53%
K+-Kanäle werden geöffnetRepolarisation
53%
Normaleweise -70mVRuhepotential
53%
Der Membranpotential erreicht negativeren WertenHyperpolarisation
47%
Beim Depolarisation, wenn die ... erreicht wurde, öffnen sich die Spannungsabhängiger Na+-KanäleSchwellenwert
33%
Na+-Kanäle werden geöffnetDepolarisation
27%
Die Membranpotential wurder negativerRepolarisation
20%
Wegen die Austausch von Ionen zwischen den Zellinnenraum und das Extrazellulär-Raum, werden die chemische und elektrischen Potentialengleich stark.Ruhepotential
7%
Potenzialdifferenz zwischen Cytoplasma und der Extrazellulär-Raum einer nicht angeregten NervenzelleRuhepotential
7%
Kraft zwischen KonzentrationsgradientenChemische Potential
3%
Kraft zwischen positiven und negativen LadungenElektrische Potential
3%
Neurotransmittern verbinden sich an Rezeptoren und öffnen... KanäleNa+ und K+
3%
Die Na+-Kanäle werden von einen Kugel beim Depolarisation inaktiviert bis der nächsten ... ankommt.Ruhepotential
3%
Schnellere Reizweiterleitung, wo man dieMyelinscheiden undRanvier'sche Schnürringe benutztSaltatorischeReizweiterleitung
3%
Die Spannungsabhängige Kanäle schlieBen sich nochmalHyperpolarisation
0%

Score Distribution

Percentile by Number Answered

Percent of People with Each Score

Your Score History

You have not taken this quiz